000 00708nam a2200145 a 4500
008 100910s2010 ||||||||||||||||| || u
050 _aGOV.ZAM(02)2010/5A
110 _aGovernment Printers
245 1 2 _aA guide to the Zambian government: understanding how democracy works in Zambia
260 _aLusaka
_bZambia. Government Printers
_c2010
300 _a12p.
350 _a0.00
995 _aSPECIAL COLLECTIONS
_D0.00
_e03007385
_FCBU-MAIN LIBRARY (Kitwe)
_H1
_I0.00
_jGOV.ZAM(02)2010/ 5B
_M2
_UAVAILABLE
_WNov 19, 2010
_y03007385
_ZZambiana Collection
995 _aSPECIAL COLLECTIONS
_D0.00
_e03007096
_FCBU-MAIN LIBRARY (Kitwe)
_H1
_I0.00
_jGOV.ZAM(02)2010/ 5A
_M1
_UAVAILABLE
_WSep 10, 2010
_y03007096
_ZZambiana Collection
999 _c76067
_d76067